100 Desi Stories To Inspire You (Record no. 348748)

MARC details
000 -LEADER
fixed length control field 00470nam a2200169Ia 4500
008 - FIXED-LENGTH DATA ELEMENTS--GENERAL INFORMATION
fixed length control field 230718s9999 xx 000 0 und d
020 ## - INTERNATIONAL STANDARD BOOK NUMBER
International Standard Book Number 9788184957662
041 ## - LANGUAGE CODE
Language code of text/sound track or separate title eng
082 ## - DEWEY DECIMAL CLASSIFICATION NUMBER
Classification number 808.3
Item number HAL
100 ## - MAIN ENTRY--PERSONAL NAME
Personal name Hallegua M.Z.
9 (RLIN) 201196
245 ## - TITLE STATEMENT
Title 100 Desi Stories To Inspire You
260 ## - PUBLICATION, DISTRIBUTION, ETC. (IMPRINT)
Date of publication, distribution, etc. 2018
Name of publisher, distributor, etc. Jaico Publishing House
300 ## - PHYSICAL DESCRIPTION
Extent 240
365 ## - TRADE PRICE
Currency code Rs.
Price amount 299.00
700 ## - ADDED ENTRY--PERSONAL NAME
Personal name Hallegua M.Z.
9 (RLIN) 201196
906 ## - LOCAL DATA ELEMENT F, LDF (RLIN)
d O:0618320-Oct-2018B:476524-Sep-2018
c GENRL
b 65.78
Holdings
Withdrawn status Lost status Damaged status Not for loan Home library Current library Date acquired Vendor Budget Code Cost, normal purchase price Bill number Total Checkouts Full call number Barcode Date last seen Date last checked out Discount Cost, replacement price Bill Date Koha item type Original Barcode
        Cummins College of Engineering for Women Pune Cummins College of Engineering for Women Pune 20/10/2018 Technical Book Services GENRL 233.22 4765 19 808.3 CCEP-BK-59955 23/02/2026 09/02/2026 65.78 299.00 24/09/2018 Books 059955